Duty, destiny and glory : (Record no. 90071)

MARC details
000 -LEADER
fixed length control field 00790nam a22002297a 4500
005 - DATE AND TIME OF LATEST TRANSACTION
control field 20141201123403.0
010 ## - LCCN (DPL NO)
LC control number ENG-111241
020 ## - INTERNATIONAL STANDARD BOOK NUMBER
International Standard Book Number 9788125055693
Terms of availability 525.00
035 ## - SYSTEM CONTROL NUMBER
System control number EN-94773
037 ## - SOURCE OF ACQUISITION
Source of stock number/acquisition DBAD/PUB
082 ## - DEWEY DECIMAL CLASSIFICATION NUMBER
Classification number 954.035092
100 ## - MAIN ENTRY--PERSONAL NAME
Personal name Raghu, A.
245 ## - TITLE STATEMENT
Title Duty, destiny and glory :
Statement of responsibility, etc by A. Raghu
Remainder of title the life of C. P. Ramaswami Aiyar /
260 ## - PUBLICATION, DISTRIBUTION, ETC. (IMPRINT)
Place of publication, distribution, etc New Delhi
Name of publisher, distributor, etc Orient Blackswan
Date of publication, distribution, etc 2014
270 ## - ADDRESS
Address 1/24, Asaf Ali Road
City New Delhi
Postal code 110002
300 ## - PHYSICAL DESCRIPTION
Extent xiii, 200p. :
Dimensions 23cm(Hb)
Other physical details ill.(b&w)
500 ## - GENERAL NOTE
General note Includes bibliographical references (pages 189-196) and index.
600 ## - SUBJECT ADDED ENTRY--PERSONAL NAME
Personal name Ramaswami Aiyar, C. P.
Dates associated with a name 1879-1966.
650 ## - SUBJECT ADDED ENTRY--TOPICAL TERM
Topical term or geographic name as entry element Politicians
Geographic subdivision India
Form subdivision Biography.
650 ## - SUBJECT ADDED ENTRY--TOPICAL TERM
Topical term or geographic name as entry element Lawyers
Geographic subdivision India
Form subdivision Biography.
942 ## - ADDED ENTRY ELEMENTS (KOHA)
Source of classification or shelving scheme Dewey Decimal Classification
Item type English Books
Call number suffix RAG
Classification part 954.035092
Holdings
Withdrawn status Lost status Not for loan Collection code Home library Current library Date acquired Source of acquisition Cost, normal purchase price Full call number Barcode Copy number Cost, replacement price Koha item type
    Not For Loan Non-fiction D.B.Act.Division D.B.Act.Division 17/11/2014 DBAD/PUB 525.00 954.035092 RAG EN-94773 1 525.00 English Books

© Delhi Public Library
Hit Counter
free hit counter